|
|
|
|
| LEADER |
01649cas a2200241 a 4500 |
| 001 |
AALejournalIMF004439 |
| 008 |
230101c9999 xx r poo 0 0eng d |
| 020 |
|
|
|c 5.00 USD
|
| 020 |
|
|
|z 9781451805260
|
| 022 |
|
|
|a 1934-7685
|
| 040 |
|
|
|a BD-DhAAL
|c BD-DhAAL
|
| 110 |
2 |
|
|a International Monetary Fund.
|
| 245 |
1 |
0 |
|a Republic of Belarus :
|b Statistical Appendix.
|
| 264 |
|
1 |
|a Washington, D.C. :
|b International Monetary Fund,
|c 2006.
|
| 300 |
|
|
|a 1 online resource (46 pages)
|
| 490 |
1 |
|
|a IMF Staff Country Reports
|
| 500 |
|
|
|a <strong>Off-Campus Access:</strong> No User ID or Password Required
|
| 500 |
|
|
|a <strong>On-Campus Access:</strong> No User ID or Password Required
|
| 506 |
|
|
|a Electronic access restricted to authorized BRAC University faculty, staff and students
|
| 520 |
3 |
|
|a This Statistical Appendix for 2001-05 for the Republic of Belarus highlights the GDP; capital investment by sector; industrial production; inventories; production and consumption of energy; administered prices of household services; tariffs and cost coverage of utility prices for households; average monthly wages; price and wage developments; money income and expenditures of the population; labor market indicators; average monthly employment by sector; profits and losses of enterprises; energy debts of enterprises; tax arrears; government debt; export and import statistics; and other selected statistical data.
|
| 538 |
|
|
|a Mode of access: Internet
|
| 830 |
|
0 |
|a IMF Staff Country Reports; Country Report ;
|v No. 2006/316
|
| 856 |
4 |
0 |
|z Full text available on IMF
|u http://elibrary.imf.org/view/journals/002/2006/316/002.2006.issue-316-en.xml
|z IMF e-Library
|